000 00523pab a2200169 454500
008 180718b2004 xxu||||| |||| 00| 0 eng d
100 _aPalocsay, Susan W.
245 _aInterdisciplinary collaborative learning: using decision analysts to enhance undergraduate international management education
260 _c2004
300 _ap.250-59.
362 _aApr
650 _aManagement education
700 _aZimmerman, Kent
700 _aWhite, Marion M.
773 _aJournal of Management Education
909 _a59938
999 _c59938
_d59938